|
|
|
|
| LEADER |
03126nam a22004093i 4500 |
| 001 |
EBC6956371 |
| 003 |
MiAaPQ |
| 005 |
20231204023223.0 |
| 006 |
m o d | |
| 007 |
cr cnu|||||||| |
| 008 |
231204s2021 xx o ||||0 ger d |
| 020 |
|
|
|a 9783839458631
|q (electronic bk.)
|
| 020 |
|
|
|z 9783732858637
|
| 035 |
|
|
|a (MiAaPQ)EBC6956371
|
| 035 |
|
|
|a (Au-PeEL)EBL6956371
|
| 035 |
|
|
|a (OCoLC)1280943252
|
| 040 |
|
|
|a MiAaPQ
|b eng
|e rda
|e pn
|c MiAaPQ
|d MiAaPQ
|
| 100 |
1 |
|
|a Nobrega, Onur Suzan.
|
| 245 |
1 |
0 |
|a Rassismus. Macht. Vergessen. :
|b Von München über den NSU bis Hanau: Symbolische und materielle Kämpfe entlang rechten Terrors.
|
| 250 |
|
|
|a 1st ed.
|
| 264 |
|
1 |
|a Bielefeld :
|b transcript,
|c 2021.
|
| 264 |
|
4 |
|c {copy}2021.
|
| 300 |
|
|
|a 1 online resource (433 pages)
|
| 336 |
|
|
|a text
|b txt
|2 rdacontent
|
| 337 |
|
|
|a computer
|b c
|2 rdamedia
|
| 338 |
|
|
|a online resource
|b cr
|2 rdacarrier
|
| 490 |
1 |
|
|a X-Texte zu Kultur und Gesellschaft
|
| 505 |
0 |
|
|a Cover -- Inhalt -- Von München über den NSU bis Hanau -- Seit Mölln, 23. November 1992 -- »Was ist eigentlich alles passiert, was wir nicht wahrgenommen haben?« -- Es ist das Recht eines jeden Menschen -- Wir klagen an und fordern Taten statt Worte -- Yom Kippur, Tekiez Halle und der Freundeskreis Mölln - Bündnisse und Verbundenheit -- Auch eine Frage des Geldes -- Schwarz‐feministische Kritik der Polizei -- Gadjé-Rassismus -- Wo sie uns finden - #SayTheirNames -- Rassenbürgerkrieg -- Rechter Terror in Deutschland -- Der NSU als »Mikroholocaust« -- München -- Die mittleren Ebenen müssen fokussiert werden! -- Kämpfe um den rechten Terror von der Kölner Keup- zur Jenaer Johannisstraße -- Transversale Politik des Antirassismus und Antifaschismus? -- Is it okay to punch a Nazi? -- Expertise und Erinnerung -- Die mörderische Gewalt der »Generation Terror« und die Verdrängung ihrer Opfer aus dem kollektiven Gedächtnis -- Aber das haben wir nicht gesehen -- Queere Nostalgie -- Wahrheit, Erinnerung und Gerechtigkeit in Zeiten des kognitiven‑kulturellen Kapitalismus -- Forensische Architektur, NSU-Monologe und andere Songs -- Institutioneller und struktureller Rassismus im Theater -- Die Lücke 2.0 -- Deutschland ist Tatort -- Die Schwierigkeit, Rassismus zu erinnern -- Denkmäler gegen rechte Gewalt und Rassismus in Deutschland: 1922-2022 -- Manifest(o) -- Kein Schlussstrich!? -- Autor*innenverzeichnis.
|
| 588 |
|
|
|a Description based on publisher supplied metadata and other sources.
|
| 590 |
|
|
|a Electronic reproduction. Ann Arbor, Michigan : ProQuest Ebook Central, 2023. Available via World Wide Web. Access may be limited to ProQuest Ebook Central affiliated libraries.
|
| 655 |
|
4 |
|a Electronic books.
|
| 700 |
1 |
|
|a Quent, Matthias.
|
| 700 |
1 |
|
|a Zipf, Jonas.
|
| 776 |
0 |
8 |
|i Print version:
|a Nobrega, Onur Suzan
|t Rassismus. Macht. Vergessen.
|d Bielefeld : transcript,c2021
|z 9783732858637
|
| 797 |
2 |
|
|a ProQuest (Firm)
|
| 830 |
|
0 |
|a X-Texte zu Kultur und Gesellschaft
|
| 856 |
4 |
0 |
|u https://ebookcentral.proquest.com/lib/matrademy/detail.action?docID=6956371
|z Click to View
|